Ekonomický význam kúpeľníctva diplomová práca

Gespeichert in:
Bibliographische Detailangaben
1. Verfasser: Kopuníková, Simona
Körperschaft: Obchodná fakulta EU. Katedra služieb a cestovného ruchu - zrušené
Weitere Verfasser: Eliašová, Darina
Format: Buch
Sprache:Slowakisch
Veröffentlicht: Bratislava 2018
Tags: Tag hinzufügen
Keine Tags, Fügen Sie das erste Tag hinzu!

MARC

LEADER 00000nbm a2200000 4500
001 0243433
005 20180904143100.3
041 0 |a slo 
044 |a SK 
245 1 0 |a Ekonomický význam kúpeľníctva  |b diplomová práca  |c Simona Kopuníková ; školiteľ: Darina Eliašová 
264 1 |a Bratislava  |c 2018 
300 |a 80 s. 
100 1 |a Kopuníková, Simona 
700 1 |a Eliašová, Darina 
710 2 |a Obchodná fakulta EU. Katedra služieb a cestovného ruchu - zrušené